000 00650nam a22001817a 4500
020 _qHard Cover.
082 _a330
100 _aAmina Sultan : Atza Yousaf : Subul Ahsan Sheikh.
245 _aExamining the Effect of COVID-19 on Stock Markets in South Asian Countries /
_cSultan, Amina : Yousaf, Ataz : Sheikh, Subul Ahsan
260 _aIslamabad:
_bS3H-NUST,
_c2021.
300 _a38 p. :
_bill. ;
_c30cm.
563 _aHB
650 _aBS-Economics
700 _aDr. Muhammad Zubair Mumtaz
_918702
856 _uhttp://10.250.8.41:8080/xmlui/handle/123456789/24374
942 _2ddc
_cPR
999 _c566181
_d566181